000 01010cam a2200217 a 4500
999 _c6461
_d6461
003 OSt
005 20200210085250.0
008 930712s2018 ck o r 001 0 spa d
022 _a2322-9039
040 _aCO-BoPUJ
_cCO-JMCR
041 0 _aspa
082 0 4 _a305.42 /
_bC129l
_220
110 2 _aCafam
_9294
245 1 3 _aEl libro de oro de la mujer en Colombia :
_bpremio cafam a la mujer /
_cCafam
260 _aBogotá :
_bCdafam,
_c2003.
300 _a147, [14] páginas :
_bilustraciones, fotografías a color ;
_c32 cm.
505 _a¿Qué es empoderarse? -- Treinta años de reconocimiento ininterrumpido -- Jurado nacional -- Acta No. 01 de 2018 -- Acto de premiación -- Diplomado en Gestión de Proyectos Sociales -- Mujeres galardonadas -- Mujeres finalistas -- 30 años comprometidos con las mujeres que hacen historia -- Mujeres de oro
650 1 4 _aMujeres
_xCuestiones sociales y morales
_zColombia
_9295
650 2 4 _aMujeres en el desarrollo de la comunidad
_zColombia
_9296
942 _2ddc
_cBK